[Event "SC Klein-Berlin Rheine 1 - SK Bocholt 1"]
[Site "Regionalliga Münsterland 2018"]
[Date "2018.12.01"]
[Round "4.2"]
[White "Ottens, Stephan"]
[Black "Hunhoff, Sebastian"]
[Result "1/2-1/2"]
[WhiteElo "2064"]
[BlackElo "1937"]
[PlyCount "48"]
[EventDate "2018.??.??"]
[SourceDate "2018.09.09"]

1. e4 e6 2. d4 d5 3. Nd2 Be7 4. e5 b6 5. Qg4 g6 6. Bb5+ c6 7. Bd3 h5 8. Qe2 c5
9. c3 Bd7 10. Ndf3 Nh6 11. dxc5 bxc5 12. Nh3 Nc6 13. Nf4 Nf5 14. h4 Qc7 15. g3
a5 16. a4 Rb8 17. O-O Bd8 18. Re1 Nce7 19. c4 d4 20. Ng5 Qb6 21. Ne4 Bc6 22.
Nd6+ Kf8 23. Nxf5 Nxf5 24. b3 Qb7 1/2-1/2

[Event "SC Klein-Berlin Rheine 1 - SK Bocholt 1"]
[Site "Regionalliga Münsterland 2018"]
[Date "2018.12.01"]
[Round "4.3"]
[White "Naumann, Felix"]
[Black "Averkamp Peters, Jens"]
[Result "1-0"]
[WhiteElo "1860"]
[BlackElo "1922"]
[PlyCount "87"]
[EventDate "2018.??.??"]
[SourceDate "2018.09.09"]

1. d4 d5 2. Nf3 Nf6 3. Bf4 c5 4. e3 Nc6 5. c3 e6 6. Bd3 Nh5 7. Bg5 Be7 8. Ne5
Nxe5 9. dxe5 Bxg5 10. Qxh5 Bd7 11. Nd2 g6 12. Qe2 Qb6 13. f4 Bh4+ 14. g3 Be7
15. Nf3 c4 16. Bb1 Bc6 17. Nd4 Bc5 18. O-O a5 19. g4 O-O-O 20. Qd2 Bxd4 21.
cxd4 Rdf8 22. b3 Qd8 23. Qf2 b5 24. Rc1 Kb7 25. a4 b4 26. Qe2 c3 27. Bd3 f5 28.
exf6 Rxf6 29. Ra2 Qb6 30. g5 Rf7 31. Qg4 Bd7 32. Qe2 Rhf8 33. Rca1 Bc6 34. Bb5
Rf5 35. Bxc6+ Kxc6 36. Qb5+ Kc7 37. h4 Rb8 38. Qd3 Qd6 39. Rh2 Rbf8 40. h5 h6
41. hxg6 hxg5 42. Rh7+ Kd8 43. Qb5 gxf4 44. Qxa5+ 1-0

[Event "SC Klein-Berlin Rheine 1 - SK Bocholt 1"]
[Site "Regionalliga Münsterland 2018"]
[Date "2018.12.01"]
[Round "4.4"]
[White "Kornick, Ulrich"]
[Black "Steiner, Karl"]
[Result "0-1"]
[WhiteElo "1939"]
[BlackElo "1916"]
[PlyCount "82"]
[EventDate "2018.??.??"]
[SourceDate "2018.09.09"]

1. e4 d6 2. d4 Nf6 3. Bd3 Nc6 4. c3 e5 5. Nf3 Be7 6. d5 Nb8 7. h3 Nbd7 8. Qe2
O-O 9. Be3 c6 10. dxc6 bxc6 11. Nbd2 d5 12. O-O Qc7 13. exd5 cxd5 14. Ba6 Bc5
15. Bxc8 Raxc8 16. Rfd1 Rfe8 17. Nf1 Rcd8 18. Rac1 Qb6 19. Rc2 Bxe3 20. Nxe3
Nf8 21. Nf5 Ng6 22. N3h4 Nxh4 23. Nxh4 g6 24. g3 d4 25. cxd4 exd4 26. Qc4 Ne4
27. Nf3 d3 28. Rxd3 Rxd3 29. Qxd3 Nxg3 30. Kg2 Nh5 31. Qc4 Qf6 32. Qc6 Nf4+ 33.
Kg3 Re6 34. Qc8+ Kg7 35. h4 Nh5+ 36. Kg2 Qf4 37. Qc3+ Rf6 38. Ne5 Qxh4 39. f3
Nf4+ 40. Kf1 Qh1+ 41. Kf2 Nd5 0-1

[Event "SC Klein-Berlin Rheine 1 - SK Bocholt 1"]
[Site "Regionalliga Münsterland 2018"]
[Date "2018.12.01"]
[Round "4.5"]
[White "Hunhoff, Andreas"]
[Black "Langhanke, Guenther"]
[Result "1/2-1/2"]
[WhiteElo "1793"]
[BlackElo "1932"]
[PlyCount "71"]
[EventDate "2018.??.??"]
[SourceDate "2018.09.09"]

1. f4 g6 2. Nf3 c5 3. e3 Bg7 4. d3 d5 5. Be2 Nc6 6. O-O e6 7. c3 Nge7 8. Bd2
O-O 9. Be1 b5 10. Bh4 b4 11. d4 Qb6 12. Bxe7 Nxe7 13. Qc1 a5 14. Ne5 Rd8 15.
Nd2 Ba6 16. Bxa6 Rxa6 17. Nb3 c4 18. Nc5 Ra7 19. b3 f6 20. Nf3 e5 21. bxc4 exf4
22. exf4 dxc4 23. cxb4 axb4 24. Qxc4+ Kh8 25. Rae1 Nf5 26. Re6 Qb8 27. Rfe1 Ra3
28. Nd7 Qa8 29. Qc7 h6 30. Nxf6 Re3 31. R1xe3 Nxe3 32. Rxe3 Bxf6 33. Ne5 Rxd4
34. Nf7+ Kg8 35. Nxh6+ Kh8 36. Nf7+ 1/2-1/2

[Event "SC Klein-Berlin Rheine 1 - SK Bocholt 1"]
[Site "Regionalliga Münsterland 2018"]
[Date "2018.12.01"]
[Round "4.6"]
[White "Bruemmer, Andreas"]
[Black "Burike, Christian"]
[Result "1/2-1/2"]
[WhiteElo "1906"]
[BlackElo "1677"]
[PlyCount "98"]
[EventDate "2018.??.??"]
[SourceDate "2018.09.09"]

1. d4 e6 2. c4 d5 3. Nc3 Nf6 4. cxd5 exd5 5. Bg5 Be7 6. e3 O-O 7. Qc2 c6 8. Bd3
h6 9. Bh4 Re8 10. Nge2 Na6 11. a3 Nc7 12. O-O-O b5 13. Kb1 b4 14. axb4 Rb8 15.
Na2 Bd7 16. Bxf6 Bxf6 17. Nf4 Be7 18. Bf5 a5 19. Bxd7 Qxd7 20. bxa5 Nb5 21. Ka1
Nd6 22. Qa4 Qb7 23. Nd3 Rec8 24. Rc1 Nc4 25. Rc2 Ra8 26. b4 Rcb8 27. Rhc1 Qa6
28. Nb2 Nxb2 29. Rxb2 Rb5 30. Qc2 c5 31. bxc5 Rxa5 32. Rcb1 g6 33. Rb8+ Rxb8
34. Rxb8+ Kg7 35. c6 Bd6 36. Rb7 Ra4 37. Rb3 Rc4 38. Rc3 Qxc6 39. h3 Qa6 40.
Rxc4 dxc4 41. e4 Qc6 42. g3 g5 43. Nc3 Qb6 44. Ne2 Qa5+ 45. Kb1 Qb4+ 46. Kc1
Qe1+ 47. Kb2 Qb4+ 48. Kc1 Qe1+ 49. Kb2 Qb4+ 1/2-1/2

[Event "SC Klein-Berlin Rheine 1 - SK Bocholt 1"]
[Site "Regionalliga Münsterland 2018"]
[Date "2018.12.01"]
[Round "4.7"]
[White "Boeing, Frank"]
[Black "Hemmert, Michael"]
[Result "1/2-1/2"]
[WhiteElo "1822"]
[BlackElo "1787"]
[PlyCount "22"]
[EventDate "2018.??.??"]
[SourceDate "2018.09.09"]

1. d4 f5 2. Nf3 Nf6 3. c4 g6 4. Nc3 Bg7 5. e3 c6 6. Bd3 d6 7. Qc2 O-O 8. O-O
Qc7 9. c5 d5 10. Ne5 Ne4 11. f4 Nd7 1/2-1/2

[Event "SC Klein-Berlin Rheine 1 - SK Bocholt 1"]
[Site "Regionalliga Münsterland 2018"]
[Date "2018.12.01"]
[Round "4.8"]
[White "Miethe, Christoph"]
[Black "Tepasse, Wilhelm"]
[Result "1/2-1/2"]
[WhiteElo "1747"]
[BlackElo "1762"]
[PlyCount "55"]
[EventDate "2018.??.??"]
[SourceDate "2018.09.09"]

1. e4 c6 2. d4 d5 3. exd5 cxd5 4. c4 Nf6 5. Nc3 e6 6. c5 Be7 7. Nf3 a6 8. b4
Bd7 9. a4 O-O 10. Be2 Be8 11. O-O Nbd7 12. Bd2 Ne4 13. Nxe4 dxe4 14. Ne1 Nf6
15. Nc2 Nd5 16. Bc4 Bg5 17. Bxg5 Qxg5 18. Bxd5 exd5 19. Ne3 Rd8 20. Qg4 Qxg4
21. Nxg4 h5 22. Ne3 f5 23. f4 h4 24. g3 hxg3 25. hxg3 Bh5 26. Rf2 Bf3 27. Rh2
g6 28. Rc1 1/2-1/2

[Event "SK Münster 2 - SG Turm Raesfeld/Erle 1"]
[Site "Regionalliga Münsterland 2018"]
[Date "2018.12.01"]
[Round "4.1"]
[White "Wilger, Frank"]
[Black "Wieder, Heiner"]
[Result "1-0"]
[WhiteElo "2076"]
[BlackElo "2089"]
[PlyCount "87"]
[EventDate "2018.??.??"]
[SourceDate "2018.09.09"]

1. d4 f5 2. g3 Nf6 3. Bg2 g6 4. Nc3 Bg7 5. e4 fxe4 6. Nxe4 d5 7. Nxf6+ exf6 8.
Qe2+ Kf7 9. Be3 Re8 10. O-O-O Nc6 11. h4 h5 12. Qb5 Ne7 13. Nh3 c6 14. Qd3 Bf5
15. Qd2 b5 16. Nf4 Nc8 17. Bh3 Bxh3 18. Rxh3 Nd6 19. Qd3 f5 20. Kb1 Nc4 21. Bc1
Re4 22. c3 Qe7 23. Rhh1 Qd6 24. Nh3 Ree8 25. b3 Na3+ 26. Ka1 a5 27. Rde1 b4 28.
Ng5+ Kg8 29. Bxa3 bxa3 30. f4 c5 31. Qb5 Reb8 32. Qe2 cxd4 33. cxd4 Rb4 34. Nf3
Qc5 35. Qe6+ Kf8 36. Rc1 Rxd4 37. Ne5 Bxe5 38. fxe5 Qe7 39. Qc6 Re8 40. Qxg6
Qf7 41. Qh6+ Qg7 42. Qxh5 Rxe5 43. Rc8+ Ke7 44. Qe8+ 1-0

[Event "SK Münster 2 - SG Turm Raesfeld/Erle 1"]
[Site "Regionalliga Münsterland 2018"]
[Date "2018.12.01"]
[Round "4.2"]
[White "Korth, Daniel"]
[Black "Pollok, Ralf"]
[Result "1/2-1/2"]
[WhiteElo "2135"]
[BlackElo "2037"]
[PlyCount "52"]
[EventDate "2018.??.??"]
[SourceDate "2018.09.09"]

1. d4 Nf6 2. Nf3 c5 3. c3 e6 4. Bg5 d5 5. e3 Be7 6. Nbd2 O-O 7. Bd3 b6 8. Ne5
Bb7 9. Qf3 Nfd7 10. Qh3 f5 11. Bxe7 Qxe7 12. f4 Nxe5 13. fxe5 Ba6 14. Bxa6 Nxa6
15. O-O b5 16. a3 Nc7 17. Nb3 c4 18. Nc5 a5 19. Kh1 Na6 20. Nxa6 Rxa6 21. g4 g6
22. gxf5 Rxf5 23. Rxf5 gxf5 24. Qh6 Kh8 25. Rg1 Qf7 26. Qh4 Ra8 1/2-1/2

[Event "SK Münster 2 - SG Turm Raesfeld/Erle 1"]
[Site "Regionalliga Münsterland 2018"]
[Date "2018.12.01"]
[Round "4.3"]
[White "Greifenberg, Daniel"]
[Black "Baumann, Stephan"]
[Result "1/2-1/2"]
[WhiteElo "2051"]
[BlackElo "2034"]
[PlyCount "42"]
[EventDate "2018.??.??"]
[SourceDate "2018.09.09"]

1. d4 Nf6 2. c4 e5 3. dxe5 Ng4 4. Nf3 Bc5 5. e3 Nc6 6. Bd2 O-O 7. Be2 Re8 8.
O-O Ngxe5 9. Bc3 Nxf3+ 10. Bxf3 Qh4 11. Nd2 a5 12. g3 Qh6 13. a3 d6 14. Ne4 Ba7
15. h4 Qg6 16. Ng5 Re7 17. Qd5 Be6 18. Qb5 Bd7 19. Qd5 Be6 20. Qb5 Bd7 21. Qd5
Be6 1/2-1/2

[Event "SK Münster 2 - SG Turm Raesfeld/Erle 1"]
[Site "Regionalliga Münsterland 2018"]
[Date "2018.12.01"]
[Round "4.4"]
[White "Seegers, Hendrik"]
[Black "Gesing, Felix"]
[Result "1-0"]
[WhiteElo "2062"]
[BlackElo "1977"]
[PlyCount "133"]
[EventDate "2018.??.??"]
[SourceDate "2018.09.09"]

1. d4 Nf6 2. Nf3 c5 3. c3 e6 4. Bf4 d5 5. Nbd2 Nc6 6. e3 Bd6 7. Bg5 O-O 8. Bd3
h6 9. Bh4 cxd4 10. exd4 e5 11. dxe5 Nxe5 12. Nxe5 Bxe5 13. O-O Qd6 14. Bg3 Bxg3
15. hxg3 Bg4 16. Qa4 Rfe8 17. Rfe1 a6 18. Nb3 Re5 19. Rxe5 Qxe5 20. Qf4 Qe7 21.
f3 Bd7 22. g4 Re8 23. Qd2 Qe5 24. Nd4 Qg3 25. Qf2 Qe5 26. Nc2 h5 27. Re1 Qf4
28. Rxe8+ Bxe8 29. gxh5 Qc1+ 30. Qe1 Qxb2 31. g4 Qb6+ 32. Nd4 Bb5 33. Bxb5 axb5
34. Kg2 Qa7 35. Qd2 Qc5 36. Nf5 Qc4 37. Kg3 Qxg4+ 38. fxg4 Ne4+ 39. Kf4 Nxd2
40. Ne7+ Kh7 41. g5 d4 42. cxd4 b4 43. d5 b3 44. axb3 Nxb3 45. Ke5 Nc5 46. Kf5
b5 47. Nc6 Nd7 48. Nb4 Kg8 49. Nd3 Kh7 50. d6 Kg8 51. Ke4 g6 52. Ne5 Nc5+ 53.
Kd5 Nb7 54. hxg6 fxg6 55. d7 Kg7 56. Kc6 Nd8+ 57. Kc7 Ne6+ 58. Kd6 Nd8 59. Ke7
Nb7 60. d8=Q Nxd8 61. Kxd8 b4 62. Ke7 b3 63. Nd3 Kh7 64. Kf7 Kh8 65. Kxg6 Kg8
66. Nb2 Kh8 67. Kf7 1-0

[Event "SK Münster 2 - SG Turm Raesfeld/Erle 1"]
[Site "Regionalliga Münsterland 2018"]
[Date "2018.12.01"]
[Round "4.5"]
[White "Borutta, Niklas"]
[Black "Kaufhold, Thomas"]
[Result "0-1"]
[WhiteElo "2036"]
[BlackElo "2035"]
[PlyCount "64"]
[EventDate "2018.??.??"]
[SourceDate "2018.09.09"]

1. c4 e5 2. g3 g6 3. Bg2 Bg7 4. Nc3 Nc6 5. e3 d6 6. Nge2 Be6 7. d3 Qd7 8. O-O
h5 9. h4 g5 10. hxg5 h4 11. f4 hxg3 12. Qe1 O-O-O 13. Qxg3 Nge7 14. e4 exf4 15.
Bxf4 Rdg8 16. Kf2 f6 17. g6 Nxg6 18. Rh1 Nge5 19. d4 Bh6 20. Qh4 Nd3+ 21. Kf1
Nxf4 22. Nxf4 Rg4 23. Nxe6 Rxh4 24. Rxh4 Qxe6 25. Bh3 f5 26. d5 Qf6 27. Rh5 Ne7
28. Ke2 Kb8 29. Bxf5 a6 30. Rg1 Qd4 31. Rgh1 Qe3+ 32. Kd1 Qd2# 0-1

[Event "SK Münster 2 - SG Turm Raesfeld/Erle 1"]
[Site "Regionalliga Münsterland 2018"]
[Date "2018.12.01"]
[Round "4.6"]
[White "Wingenfeld, Klaus"]
[Black "Bergemann, Martin"]
[Result "1/2-1/2"]
[WhiteElo "1896"]
[BlackElo "1926"]
[PlyCount "71"]
[EventDate "2018.??.??"]
[SourceDate "2018.09.09"]

1. d4 Nf6 2. Bf4 d6 3. e3 Bf5 4. Nf3 h6 5. c4 Nbd7 6. Nc3 c5 7. Bd3 Bxd3 8.
Qxd3 Nh5 9. d5 g5 10. Bg3 Bg7 11. h3 Nxg3 12. fxg3 Nf6 13. g4 a6 14. Qf5 Qd7
15. O-O Qxf5 16. gxf5 g4 17. Nd2 Kd7 18. Rae1 h5 19. h4 Bh6 20. Nde4 Nxe4 21.
Nxe4 b5 22. Nd2 Bg7 23. b3 Be5 24. Kf2 Rhg8 25. g3 Rgb8 26. Rc1 b4 27. Ne4 f6
28. Kg2 a5 29. Rc2 a4 30. Nd2 axb3 31. Nxb3 Ra3 32. Rff2 Rba8 33. Rfe2 Kc7 34.
Kf2 Kb6 35. Red2 Bc3 36. Re2 1/2-1/2

[Event "SK Münster 2 - SG Turm Raesfeld/Erle 1"]
[Site "Regionalliga Münsterland 2018"]
[Date "2018.12.01"]
[Round "4.7"]
[White "Broemmel, Rudolf"]
[Black "Meyer, Ulrich"]
[Result "1/2-1/2"]
[WhiteElo "1906"]
[BlackElo "1944"]
[PlyCount "109"]
[EventDate "2018.??.??"]
[SourceDate "2018.09.09"]

1. d4 d5 2. Bg5 h6 3. Bh4 g5 4. Bg3 Bg7 5. e3 Bf5 6. Bd3 Bxd3 7. Qxd3 c6 8. Nf3
Qb6 9. Nc3 Nd7 10. O-O Ngf6 11. Ne5 Nxe5 12. Bxe5 Nh5 13. Bxg7 Nxg7 14. a4 a5
15. Ra3 O-O 16. Rb3 Qc7 17. e4 e6 18. Qh3 h5 19. f4 g4 20. Qh4 f5 21. e5 Rf7
22. Qe1 Qd8 23. Nd1 h4 24. Ne3 Rc8 25. g3 h3 26. Qd2 b6 27. c4 Ne8 28. cxd5
cxd5 29. Rc1 Rxc1+ 30. Qxc1 Rc7 31. Rc3 Kf7 32. Kf2 Ke7 33. Qc2 Rxc3 34. Qxc3
Qc7 35. Nd1 Kd7 36. Ke3 Qc6 37. Qxc6+ Kxc6 38. Nc3 Nc7 39. Kd3 b5 40. axb5+
Nxb5 41. Na4 Nc7 42. Nc5 Kb5 43. Kc3 a4 44. Nb7 a3 45. bxa3 Ka4 46. Kb2 Na6 47.
Ka2 Kb5 48. Nd8 Nc7 49. Kb3 Ka5 50. a4 Kb6 51. Kc3 Ka5 52. Kb3 Kb6 53. Kb4 Na6+
54. Kc3 Nc7 55. Kb4 1/2-1/2

[Event "SK Münster 2 - SG Turm Raesfeld/Erle 1"]
[Site "Regionalliga Münsterland 2018"]
[Date "2018.12.01"]
[Round "4.8"]
[White "Peters, Helmut"]
[Black "Boelker, Franz"]
[Result "1-0"]
[WhiteElo "1955"]
[BlackElo "1785"]
[PlyCount "47"]
[EventDate "2018.??.??"]
[SourceDate "2018.09.09"]

1. d4 d5 2. c4 e6 3. Nf3 Nf6 4. g3 Be7 5. Bg2 Nbd7 6. O-O O-O 7. Qc2 c6 8. Nbd2
Re8 9. Rd1 Bf8 10. e4 dxe4 11. Nxe4 Nxe4 12. Qxe4 Qe7 13. Ne5 Nf6 14. Qe2 c5
15. b3 cxd4 16. Bb2 Nd7 17. Bxd4 Nxe5 18. Bxe5 Qb4 19. Rd3 f6 20. Bc3 Qc5 21.
Rad1 Qc7 22. Be4 f5 23. Bxf5 e5 24. Bxh7+ 1-0

[Event "SC Gronau 1 - SC Rochade Emsdetten 1"]
[Site "Regionalliga Münsterland 2018"]
[Date "2018.12.01"]
[Round "4.1"]
[White "Kabatianski, Alexander"]
[Black "Buendgen, Achim"]
[Result "1-0"]
[WhiteElo "2319"]
[BlackElo "2114"]
[PlyCount "69"]
[EventDate "2018.??.??"]
[SourceDate "2018.09.09"]

1. Nf3 g6 2. e4 Bg7 3. d4 c6 4. Nbd2 d5 5. h3 Nh6 6. Bd3 f6 7. O-O O-O 8. Qe2
Nf7 9. c4 e6 10. b3 Re8 11. Bb2 a5 12. Rfe1 Bd7 13. a3 Na6 14. Rac1 Nc7 15. Nf1
e5 16. dxe5 fxe5 17. cxd5 cxd5 18. Qc2 Rc8 19. Qc5 dxe4 20. Bxe4 Ne6 21. Qa7
Rxc1 22. Rxc1 Bc8 23. Ng3 Nd4 24. Nxd4 exd4 25. Rd1 b6 26. Bc6 Rf8 27. b4 Ne5
28. Be4 Nc4 29. Ba1 Nxa3 30. bxa5 bxa5 31. Qc5 Bd7 32. Qxa3 Qb6 33. Qd3 Bb5 34.
Qb3+ Kh8 35. Bd3 1-0

[Event "SC Gronau 1 - SC Rochade Emsdetten 1"]
[Site "Regionalliga Münsterland 2018"]
[Date "2018.12.01"]
[Round "4.2"]
[White "Monsma, Menno"]
[Black "De Groote, Ewoud"]
[Result "0-1"]
[WhiteElo "2096"]
[BlackElo "2212"]
[PlyCount "40"]
[EventDate "2018.??.??"]
[SourceDate "2018.09.09"]

1. c4 f5 2. g3 Nf6 3. Nc3 g6 4. Bg2 Bg7 5. d3 O-O 6. e3 e5 7. Nge2 d6 8. b4 c6
9. b5 Be6 10. Qa4 Nbd7 11. Ba3 e4 12. Nd4 Bf7 13. Bxd6 Nb6 14. Qb4 exd3 15. c5
d2+ 16. Kd1 Nc4 17. bxc6 a5 18. cxb7 axb4 19. bxa8=Q Qxa8 20. Bxa8 Rxa8 0-1

[Event "SC Gronau 1 - SC Rochade Emsdetten 1"]
[Site "Regionalliga Münsterland 2018"]
[Date "2018.12.01"]
[Round "4.3"]
[White "Lehmann, Holger"]
[Black "Ellenbroek, Ton"]
[Result "1-0"]
[WhiteElo "2132"]
[BlackElo "1973"]
[PlyCount "83"]
[EventDate "2018.??.??"]
[SourceDate "2018.09.09"]

1. d4 d5 2. c4 e6 3. Nc3 Nf6 4. cxd5 exd5 5. Bg5 Bb4 6. e3 O-O 7. Bd3 h6 8. Bh4
c5 9. a3 Bxc3+ 10. bxc3 c4 11. Bc2 Nbd7 12. f3 Re8 13. Bf2 Qa5 14. Ne2 b5 15.
O-O Nb6 16. Qd2 Na4 17. Rac1 Nb2 18. Ng3 Qxa3 19. e4 Nd3 20. Ra1 Qe7 21. e5 Nh7
22. Bxd3 cxd3 23. Qxd3 b4 24. cxb4 Qxb4 25. f4 Qc4 26. Qf3 Ba6 27. Rfc1 Qd3 28.
Qxd5 Rad8 29. Qe4 Qxe4 30. Nxe4 Bd3 31. Nc5 Bf5 32. Rxa7 g5 33. Rc7 gxf4 34.
Nb7 Rd7 35. Nd6 Rxc7 36. Rxc7 Rb8 37. Nxf5 Rb1+ 38. Be1 Rxe1+ 39. Kf2 Ra1 40.
Rc8+ Nf8 41. Kf3 Ra6 42. d5 1-0

[Event "SC Gronau 1 - SC Rochade Emsdetten 1"]
[Site "Regionalliga Münsterland 2018"]
[Date "2018.12.01"]
[Round "4.4"]
[White "Luetkehermoelle, Martin"]
[Black "Paalman, Henk Jan"]
[Result "0-1"]
[WhiteElo "1968"]
[BlackElo "2159"]
[PlyCount "44"]
[EventDate "2018.??.??"]
[SourceDate "2018.09.09"]

1. e4 e6 2. Nf3 d5 3. Nc3 Nf6 4. e5 Nfd7 5. d4 c5 6. Bb5 Nc6 7. dxc5 Bxc5 8.
O-O O-O 9. Re1 Kh8 10. Ng5 Be7 11. Nxh7 Kxh7 12. Qh5+ Kg8 13. Bd3 f5 14. Nxd5
Ndxe5 15. Nxe7+ Qxe7 16. Bf4 Nxd3 17. cxd3 Bd7 18. Re3 Qf7 19. Qh4 Qf6 20. Qh5
e5 21. Bg5 Qf7 22. Qh4 f4 0-1

[Event "SC Gronau 1 - SC Rochade Emsdetten 1"]
[Site "Regionalliga Münsterland 2018"]
[Date "2018.12.01"]
[Round "4.5"]
[White "Ortmeier, Leonhard"]
[Black "Storck, Martin"]
[Result "0-1"]
[WhiteElo "2096"]
[BlackElo "1957"]
[PlyCount "141"]
[EventDate "2018.??.??"]
[SourceDate "2018.09.09"]

1. e4 e5 2. Nf3 Nf6 3. Nxe5 d6 4. Nf3 Nxe4 5. Nc3 Nxc3 6. dxc3 Be7 7. Be3 Nc6
8. Qd2 a6 9. O-O-O Bg4 10. Be2 Qd7 11. h3 Be6 12. Nd4 Nxd4 13. Qxd4 O-O 14. Bc4
b5 15. Bxe6 Qxe6 16. Kb1 Bf6 17. Qg4 Rfe8 18. Rd3 Rad8 19. Qh5 Qe4 20. Qd5 Qxd5
21. Rxd5 Re6 22. Rhd1 c6 23. R5d3 d5 24. Bd4 Rde8 25. a3 a5 26. a4 bxa4 27.
Bxf6 Rxf6 28. R1d2 Rf4 29. Ka2 g6 30. Ka3 Re1 31. Ka2 Rc4 32. Rd4 Rxd4 33. Rxd4
Re2 34. Rxa4 Rxf2 35. Rxa5 Rxc2 36. Rc5 f5 37. Rxc6 Rxg2 38. Ka3 Rg3 39. b4 d4
40. b5 f4 41. b6 Rg5 42. Kb4 Rg1 43. Kc4 dxc3 44. Kd3 Rb1 45. Kc2 Rb5 46. Kxc3
f3 47. Kd2 f2 48. Ke2 Rb2+ 49. Kf1 g5 50. Rd6 Kg7 51. Rd7+ Kg6 52. Rb7 h6 53.
Rb8 Kh5 54. Rf8 Rxb6 55. Rxf2 Kh4 56. Kg2 Rb3 57. Rc2 Rg3+ 58. Kh2 Rxh3+ 59.
Kg2 Rb3 60. Rc4+ g4 61. Rc2 Rg3+ 62. Kh2 Rf3 63. Kg2 Rf5 64. Rc8 Rd5 65. Rc2
Kg5 66. Rb2 h5 67. Ra2 h4 68. Ra8 h3+ 69. Kg3 Rd3+ 70. Kh2 Rd2+ 71. Kg3 0-1

[Event "SC Gronau 1 - SC Rochade Emsdetten 1"]
[Site "Regionalliga Münsterland 2018"]
[Date "2018.12.01"]
[Round "4.6"]
[White "Langendijk, Andre"]
[Black "Mueller, Achim"]
[Result "1/2-1/2"]
[WhiteElo "1929"]
[BlackElo "2026"]
[PlyCount "128"]
[EventDate "2018.??.??"]
[SourceDate "2018.09.09"]

1. d4 f5 2. e4 fxe4 3. Nc3 Nf6 4. Bg5 Nc6 5. d5 Ne5 6. Qd4 Nf7 7. h4 e5 8. dxe6
dxe6 9. Qxd8+ Nxd8 10. g3 Bd7 11. Bg2 Bc6 12. Nge2 e5 13. O-O Be7 14. Rae1 Nf7
15. Bxf6 gxf6 16. Bxe4 Nd6 17. Bd5 O-O-O 18. f4 Nb5 19. Be6+ Kb8 20. fxe5 Bc5+
21. Kh2 Nxc3 22. Nxc3 Rd2+ 23. Re2 Rxe2+ 24. Nxe2 fxe5 25. Rf5 Bd6 26. c4 Be4
27. Rg5 Rf8 28. Rg8 Rxg8 29. Bxg8 c6 30. Nc3 Bd3 31. Kg2 h6 32. Kf3 Be7 33. Ke3
Bf5 34. Ne4 Kc7 35. a3 b6 36. Kf3 Bg6 37. Be6 a5 38. Bg4 Bf7 39. Nd2 a4 40. Ke4
Kd6 41. Bd1 Bg6+ 42. Ke3 b5 43. cxb5 cxb5 44. Be2 Kc6 45. Bd3 Bc5+ 46. Ke2 Bh5+
47. Ke1 Bd4 48. b3 axb3 49. Nxb3 Bb2 50. Kd2 Bxa3 51. Be4+ Kd6 52. Kd3 Bf7 53.
Nd2 Bc5 54. g4 b4 55. g5 hxg5 56. hxg5 Bd4 57. g6 Bg8 58. Nf3 Kc5 59. g7 b3 60.
Ng5 Kb4 61. Nh7 b2 62. Kd2 Bc3+ 63. Ke3 Bd4+ 64. Kd2 Bc3+ 1/2-1/2

[Event "SC Gronau 1 - SC Rochade Emsdetten 1"]
[Site "Regionalliga Münsterland 2018"]
[Date "2018.12.01"]
[Round "4.7"]
[White "Hiller, Simon"]
[Black "Hoge, Torsten"]
[Result "1/2-1/2"]
[WhiteElo "2139"]
[BlackElo "1922"]
[PlyCount "90"]
[EventDate "2018.??.??"]
[SourceDate "2018.09.09"]

1. Nf3 Nf6 2. c4 e6 3. g3 b6 4. Bg2 Bb7 5. O-O Be7 6. Nc3 O-O 7. Re1 Bb4 8. a3
Bxc3 9. bxc3 d6 10. d3 Nbd7 11. e4 Qe8 12. Nd4 Nc5 13. Rb1 a5 14. Bg5 Nfd7 15.
Nb5 Na6 16. Nd4 f6 17. Bc1 Qf7 18. f4 Ndc5 19. f5 e5 20. Nf3 a4 21. g4 Rad8 22.
Bf1 Kh8 23. Rb2 Nb3 24. Be3 Nac5 25. Nd2 Nxd2 26. Rxd2 g6 27. fxg6 Qxg6 28. Rg2
Rg8 29. Rg3 Bc8 30. Be2 Bd7 31. Rf1 Rg7 32. Kf2 b5 33. cxb5 Bxb5 34. Bxc5 dxc5
35. c4 Bc6 36. Qc1 Rb8 37. Qe3 Rb2 38. Qxc5 Bb7 39. Rg2 Qg5 40. Kg1 Rxe2 41.
Rxe2 Qxg4+ 42. Kh1 Qxe2 43. Qf8+ Rg8 44. Qxf6+ Rg7 45. Qf8+ Rg8 1/2-1/2

[Event "SC Gronau 1 - SC Rochade Emsdetten 1"]
[Site "Regionalliga Münsterland 2018"]
[Date "2018.12.01"]
[Round "4.8"]
[White "Reckzuegel, Philipp"]
[Black "Lemli, Thomas"]
[Result "1/2-1/2"]
[WhiteElo "1949"]
[BlackElo "1979"]
[PlyCount "43"]
[EventDate "2018.??.??"]
[SourceDate "2018.09.09"]

1. d4 Nf6 2. c4 g6 3. Nc3 Bg7 4. Nf3 O-O 5. e4 d6 6. Be2 e5 7. O-O Nc6 8. dxe5
dxe5 9. b3 Bg4 10. Bb2 Qxd1 11. Rfxd1 Rfd8 12. Nd5 Ne8 13. Kf1 Bxf3 14. Bxf3
Nd4 15. Bxd4 exd4 16. c5 c6 17. Nf4 Nc7 18. a4 a5 19. Ra2 Re8 20. g3 Rad8 21.
Bg2 Na6 22. Nd3 1/2-1/2

[Event "SF Olfen 1 - SG Ahaus-Wessum 1"]
[Site "Regionalliga Münsterland 2018"]
[Date "2018.12.01"]
[Round "4.1"]
[White "Wensing, Maximilian"]
[Black "Koke, Christoph"]
[Result "1/2-1/2"]
[WhiteElo "1979"]
[BlackElo "2078"]
[PlyCount "56"]
[EventDate "2018.??.??"]
[SourceDate "2018.09.09"]

1. e4 c6 2. d4 d5 3. exd5 cxd5 4. c4 Nf6 5. Nc3 e6 6. Bg5 Be7 7. c5 Nc6 8. Nf3
Ne4 9. Bxe7 Nxc3 10. bxc3 Qxe7 11. Bb5 Bd7 12. Bxc6 Bxc6 13. Ne5 O-O 14. O-O f6
15. Nxc6 bxc6 16. Qa4 Qc7 17. Rab1 Rab8 18. Qa6 Rxb1 19. Rxb1 Rf7 20. g3 Re7
21. Re1 e5 22. c4 exd4 23. Rxe7 Qxe7 24. Qxc6 Qe1+ 25. Kg2 Qe4+ 26. Kf1 Qb1+
27. Kg2 Qe4+ 28. Kf1 Qb1+ 1/2-1/2

[Event "SF Olfen 1 - SG Ahaus-Wessum 1"]
[Site "Regionalliga Münsterland 2018"]
[Date "2018.12.01"]
[Round "4.2"]
[White "Boesel, Alexander"]
[Black "Schulze Ameling, Hendrik"]
[Result "1-0"]
[WhiteElo "2040"]
[BlackElo "1983"]
[PlyCount "51"]
[EventDate "2018.??.??"]
[SourceDate "2018.09.09"]

1. e4 e6 2. d4 d5 3. Nd2 Be7 4. Ngf3 c5 5. exd5 exd5 6. dxc5 Bxc5 7. Nb3 Be7 8.
Bb5+ Nc6 9. O-O a6 10. Bxc6+ bxc6 11. Ne5 Bd7 12. Qh5 g6 13. Qf3 f6 14. Nxd7
Qxd7 15. Be3 h5 16. Bc5 Kf7 17. Rad1 Rb8 18. Qc3 h4 19. h3 Rh5 20. Rfe1 Rf5 21.
Nd4 Rg5 22. Re6 Rb5 23. Bxe7 Nxe7 24. Rde1 Re5 25. R6xe5 fxe5 26. Nxb5 1-0

[Event "SF Olfen 1 - SG Ahaus-Wessum 1"]
[Site "Regionalliga Münsterland 2018"]
[Date "2018.12.01"]
[Round "4.3"]
[White "Rosing, Hermann"]
[Black "Grawunder, Juergen"]
[Result "1-0"]
[WhiteElo "1991"]
[BlackElo "1928"]
[PlyCount "49"]
[EventDate "2018.??.??"]
[SourceDate "2018.09.09"]

1. e4 d6 2. d4 Nd7 3. Nc3 e5 4. Nf3 exd4 5. Nxd4 Ngf6 6. Be3 a6 7. f3 c5 8. Nb3
b6 9. Qd2 Qc7 10. g4 Bb7 11. g5 Nh5 12. O-O-O Be7 13. f4 g6 14. Be2 Ng7 15. h4
b5 16. h5 c4 17. Nd4 Nc5 18. hxg6 fxg6 19. Bf3 b4 20. Nd5 Bxd5 21. exd5 Qa5 22.
Kb1 c3 23. Nc6 Qb5 24. Qd4 Kf7 25. Nxe7 1-0